[Event "KRK Mediterranean Golden Island WGM"]
[Site "Krk"]
[Date "2005.10.23"]
[Round "1.1"]
[White "Djeno, Snjezana"]
[Black "Sudakova, Irina"]
[Result "0-1"]
[WhiteElo "1989"]
[BlackElo "2366"]
[PlyCount "108"]
[EventDate "2005.10.22"]
[EventType "tourn"]
[EventRounds "9"]
[EventCountry "CRO"]
[Source "lmi"]
[SourceDate "2005.10.30"]

1. d4 d5 2. c4 e6 3. e3 c6 4. Nc3 Nf6 5. Nf3 Nbd7 6. Qc2 Bd6 7. Bd3 dxc4 8.
Bxc4 O-O 9. O-O a6 10. a4 Qc7 11. h3 b6 12. Rd1 Bb7 13. e4 e5 14. dxe5 Nxe5 15.
Be2 b5 16. Nd4 b4 17. Nf5 Bc5 18. Nb1 Qb6 19. Be3 Bxe3 20. Nxe3 c5 21. Nd2 Rfd8
22. Ndc4 Nxc4 23. Nxc4 Qe6 24. e5 Ne8 25. Bg4 Qe7 26. Nb6 Rab8 27. Nd7 Rbc8 28.
Qc4 h5 29. Bf5 Qg5 30. g4 hxg4 31. Qxg4 Qxg4+ 32. Bxg4 c4 33. f4 c3 34. bxc3
bxc3 35. Rac1 c2 36. Rd2 Be4 37. Kf2 f5 38. exf6 Nxf6 39. Nxf6+ gxf6 40. Be6+
Kf8 41. Rxd8+ Rxd8 42. Ke2 Rb8 43. f5 Rb1 44. Kd2 a5 45. h4 Kg7 46. h5 Kh6 47.
Rxc2 Bxc2 48. Kxc2 Rb4 49. Bf7 Rxa4 50. Kb3 Rh4 51. Bg6 Rxh5 52. Ka4 Rg5 53.
Kxa5 Rxg6 54. fxg6 Kxg6 0-1

[Event "KRK Mediterranean Golden Island WGM"]
[Site "Krk"]
[Date "2005.10.23"]
[Round "1.2"]
[White "Repkova, Eva"]
[Black "Swathi, Ghate"]
[Result "0-1"]
[WhiteElo "2350"]
[BlackElo "2248"]
[PlyCount "40"]
[EventDate "2005.10.22"]
[EventType "tourn"]
[EventRounds "9"]
[EventCountry "CRO"]
[Source "lmi"]
[SourceDate "2005.10.30"]

1. e4 c5 2. b3 Nc6 3. Bb2 e5 4. Bc4 d6 5. Ne2 Nf6 6. Nbc3 g6 7. f4 Bg7 8. O-O
a6 9. Qe1 O-O 10. Qh4 Nb4 11. Rac1 b5 12. Bd5 Nfxd5 13. Qxd8 Rxd8 14. Nxd5 Nxa2
15. Ra1 Nb4 16. Nxb4 cxb4 17. Rf2 Bb7 18. d3 Rdc8 19. fxe5 Rxc2 20. Nd4 Rxb2
0-1

[Event "KRK Mediterranean Golden Island WGM"]
[Site "Krk"]
[Date "2005.10.23"]
[Round "1.3"]
[White "Ionica, Iulia-Ionela"]
[Black "Srebrnic, Ana"]
[Result "1/2-1/2"]
[WhiteElo "2229"]
[BlackElo "2280"]
[PlyCount "46"]
[EventDate "2005.10.22"]
[EventType "tourn"]
[EventRounds "9"]
[EventCountry "CRO"]
[Source "lmi"]
[SourceDate "2005.10.30"]

1. e4 e5 2. Nf3 Nf6 3. d4 Nxe4 4. Bd3 Nc6 5. dxe5 d5 6. exd6 Nxd6 7. Nc3 Nb4 8.
Be3 Be7 9. Be2 O-O 10. a3 Nc6 11. Qd2 Nf5 12. O-O-O Qxd2+ 13. Bxd2 Bc5 14. Ne4
Bb6 15. Bf4 Ncd4 16. Rhe1 Nxf3 17. Bxf3 Nd4 18. Bh5 Bf5 19. Ng3 Be6 20. Be3
Rad8 21. Ne2 Nxe2+ 22. Rxe2 Bxe3+ 23. Rxe3 Rxd1+ 1/2-1/2

[Event "KRK Mediterranean Golden Island WGM"]
[Site "Krk"]
[Date "2005.10.23"]
[Round "1.4"]
[White "Franciskovic, Borka"]
[Black "Burtasova, Anna"]
[Result "1/2-1/2"]
[WhiteElo "2162"]
[BlackElo "2260"]
[PlyCount "88"]
[EventDate "2005.10.22"]
[EventType "tourn"]
[EventRounds "9"]
[EventCountry "CRO"]
[Source "lmi"]
[SourceDate "2005.10.30"]

1. c4 c5 2. Nf3 Nc6 3. Nc3 e5 4. g3 g6 5. Bg2 Bg7 6. O-O Nge7 7. a3 d6 8. Rb1
a5 9. Ne1 Be6 10. d3 O-O 11. Nd5 Rb8 12. Bg5 f6 13. Bd2 b5 14. Nxe7+ Nxe7 15.
cxb5 Rxb5 16. b4 cxb4 17. axb4 Qb8 18. Nc2 axb4 19. Rxb4 Bb3 20. Rxb5 Qxb5 21.
Qb1 Qa4 22. Ne3 f5 23. Qa1 Qxa1 24. Rxa1 f4 25. Nc4 f3 26. exf3 d5 27. Na5 Bc2
28. Bb4 e4 29. Re1 Rb8 30. Bd2 Bxd3 31. fxe4 d4 32. Bg5 Rb5 33. Bxe7 Rxa5 34.
Bf1 Bc2 35. Bc4+ Kh8 36. Rc1 Bxe4 37. Bd3 Bxd3 38. Rc8+ Bf8 39. Rxf8+ Kg7 40.
Rf4 Bf5 41. Rxd4 Bh3 42. Rd1 Ra2 43. Bc5 Kf7 44. Re1 Kf6 1/2-1/2

[Event "KRK Mediterranean Golden Island WGM"]
[Site "Krk"]
[Date "2005.10.23"]
[Round "1.5"]
[White "Babataeva, Indira"]
[Black "Dragomirescu, Angela"]
[Result "0-1"]
[WhiteElo "2182"]
[BlackElo "2249"]
[PlyCount "86"]
[EventDate "2005.10.22"]
[EventType "tourn"]
[EventRounds "9"]
[EventCountry "CRO"]
[Source "lmi"]
[SourceDate "2005.10.30"]

1. e4 d6 2. d4 Nf6 3. Nc3 g6 4. Be3 c6 5. Qd2 b5 6. Bd3 Nbd7 7. Bh6 Bxh6 8.
Qxh6 e5 9. d5 cxd5 10. Nxd5 Nxd5 11. exd5 Bb7 12. Ne2 a6 13. Nc3 Qb6 14. a4 b4
15. a5 Qc7 16. Ne4 O-O-O 17. Qd2 f5 18. Ng5 Nc5 19. Ne6 Nxe6 20. dxe6 Rhe8 21.
Qxb4 Rxe6 22. Ra3 d5 23. O-O e4 24. Be2 d4 25. h3 g5 26. Qd2 g4 27. hxg4 f4 28.
Rh3 e3 29. Qb4 Qxc2 30. Bf3 Bxf3 31. gxf3 e2 32. Re1 Qc7 33. Rh5 d3 34. Rc5 Rc6
35. Rxc6 Qxc6 36. Qd2 Qxf3 37. Qc3+ Kb8 38. Qe5+ Ka8 39. Qe6 Qb7 40. Qf6 Rd5
41. Rc1 d2 42. Rc5 e1=Q+ 43. Kh2 Qxf2+ 0-1

[Event "KRK Mediterranean Golden Island WGM"]
[Site "Krk"]
[Date "2005.10.24"]
[Round "2.1"]
[White "Sudakova, Irina"]
[Black "Dragomirescu, Angela"]
[Result "1-0"]
[WhiteElo "2366"]
[BlackElo "2249"]
[PlyCount "63"]
[EventDate "2005.10.22"]
[EventType "tourn"]
[EventRounds "9"]
[EventCountry "CRO"]
[Source "lmi"]
[SourceDate "2005.10.30"]

1. e4 g6 2. d4 Bg7 3. Nc3 d6 4. Be3 a6 5. f4 b5 6. Nf3 b4 7. Nb1 Nf6 8. Bd3 Bb7
9. Nbd2 Nbd7 10. h3 O-O 11. O-O c5 12. d5 e6 13. dxe6 fxe6 14. c4 d5 15. e5 Ne8
16. Ng5 Nc7 17. Nxh7 Kxh7 18. Qh5+ Kg8 19. Bxg6 Rf5 20. Qh7+ Kf8 21. Bxf5 exf5
22. Qxf5+ Kg8 23. Nf3 d4 24. Ng5 Qe7 25. Qh7+ Kf8 26. Bd2 a5 27. f5 Nxe5 28.
Ne6+ Ke8 29. Qg8+ Bf8 30. Bh6 Kd7 31. Nxf8+ Rxf8 32. Qxf8 1-0

[Event "KRK Mediterranean Golden Island WGM"]
[Site "Krk"]
[Date "2005.10.24"]
[Round "2.2"]
[White "Burtasova, Anna"]
[Black "Babataeva, Indira"]
[Result "1-0"]
[WhiteElo "2260"]
[BlackElo "2182"]
[PlyCount "111"]
[EventDate "2005.10.22"]
[EventType "tourn"]
[EventRounds "9"]
[EventCountry "CRO"]
[Source "lmi"]
[SourceDate "2005.10.30"]

1. e4 c5 2. c3 e6 3. d4 d5 4. e5 Qb6 5. Nf3 Nc6 6. a3 c4 7. Nbd2 Na5 8. h4 Bd7
9. g3 Ne7 10. Be2 f6 11. O-O Nec6 12. exf6 gxf6 13. Rb1 Qc7 14. b4 cxb3 15. c4
Rg8 16. cxd5 exd5 17. Nxb3 Bd6 18. Nxa5 Nxa5 19. Ne5 O-O-O 20. Nxd7 Qxd7 21.
Bf3 Bc7 22. Bg2 f5 23. Qf3 Nc4 24. Rb4 Ba5 25. Rxc4+ dxc4 26. Bf4 Qb5 27. a4
Qb3 28. Qh5 Rgf8 29. Qxh7 Rd7 30. Qh6 Re8 31. Qg6 Rf8 32. Bd6 Rxd6 33. Qxd6 Qb4
34. Qxb4 Bxb4 35. Bd5 c3 36. Rb1 a5 37. Kg2 Rf6 38. Bb3 Kd7 39. Kf3 Rd6 40. d5
Bc5 41. Re1 Rb6 42. Bc2 Rf6 43. Re5 f4 44. g4 Kd6 45. Re2 Kxd5 46. g5 Rb6 47.
g6 Bf8 48. Re8 Rf6 49. Rxf8 Rxf8 50. h5 Ke6 51. g7 Rc8 52. h6 Kf6 53. Ke2 b5
54. axb5 a4 55. Kd1 a3 56. Bb3 1-0

[Event "KRK Mediterranean Golden Island WGM"]
[Site "Krk"]
[Date "2005.10.24"]
[Round "2.3"]
[White "Srebrnic, Ana"]
[Black "Franciskovic, Borka"]
[Result "1-0"]
[WhiteElo "2280"]
[BlackElo "2162"]
[PlyCount "89"]
[EventDate "2005.10.22"]
[EventType "tourn"]
[EventRounds "9"]
[EventCountry "CRO"]
[Source "lmi"]
[SourceDate "2005.10.30"]

1. Nf3 Nf6 2. c4 c5 3. g3 b6 4. Bg2 Bb7 5. O-O e6 6. b3 Be7 7. e3 d6 8. Bb2 O-O
9. Nc3 Nbd7 10. Ne1 Bxg2 11. Nxg2 a6 12. f4 d5 13. d3 Qb8 14. g4 d4 15. exd4
cxd4 16. Nb1 Rd8 17. Nd2 e5 18. Qe2 Bd6 19. g5 Ne8 20. fxe5 Bxe5 21. Nf3 Qd6
22. Rae1 f6 23. Qf2 Ra7 24. Bxd4 Bxd4 25. Qxd4 Nf8 26. Qxd6 Nxd6 27. gxf6 gxf6
28. Nd4 Rf7 29. Ne6 Rdd7 30. Nxf8 Rxf8 31. Re6 f5 32. Nf4 Nf7 33. Nd5 Kh8 34.
Rxf5 Rg8+ 35. Kf1 Ng5 36. Re7 Rd6 37. Nf6 Rg6 38. Nh5 Rd8 39. d4 h6 40. d5 Nh3
41. Ng3 Ng5 42. Ke2 Rdg8 43. Kf1 h5 44. h4 Nh7 45. Rxh5 1-0

[Event "KRK Mediterranean Golden Island WGM"]
[Site "Krk"]
[Date "2005.10.24"]
[Round "2.4"]
[White "Swathi, Ghate"]
[Black "Ionica, Iulia-Ionela"]
[Result "1-0"]
[WhiteElo "2248"]
[BlackElo "2229"]
[PlyCount "71"]
[EventDate "2005.10.22"]
[EventType "tourn"]
[EventRounds "9"]
[EventCountry "CRO"]
[Source "lmi"]
[SourceDate "2005.10.30"]

1. e4 c5 2. Nf3 e6 3. d4 cxd4 4. Nxd4 Nf6 5. Nc3 d6 6. Be2 Be7 7. O-O a6 8. Be3
O-O 9. f4 Nc6 10. Kh1 Qc7 11. Qe1 Nxd4 12. Bxd4 b5 13. a3 Bb7 14. Qg3 Bc6 15.
Rae1 Qb7 16. Bd3 g6 17. f5 e5 18. Be3 b4 19. axb4 Qxb4 20. Bh6 Rfe8 21. fxg6
fxg6 22. b3 Kh8 23. Bc4 Rac8 24. Bxa6 Bb7 25. Bc4 Rxc4 26. bxc4 Qxc4 27. Qd3
Qc8 28. Qd2 Qe6 29. Rf3 Rc8 30. h3 Nh5 31. Ref1 Ba6 32. R1f2 Bb7 33. Nd5 Bxd5
34. exd5 Qd7 35. g4 Nf4 36. Rxf4 1-0

[Event "KRK Mediterranean Golden Island WGM"]
[Site "Krk"]
[Date "2005.10.24"]
[Round "2.5"]
[White "Djeno, Snjezana"]
[Black "Repkova, Eva"]
[Result "0-1"]
[WhiteElo "1989"]
[BlackElo "2350"]
[PlyCount "82"]
[EventDate "2005.10.22"]
[EventType "tourn"]
[EventRounds "9"]
[EventCountry "CRO"]
[Source "lmi"]
[SourceDate "2005.10.30"]

1. Nf3 d5 2. g3 e6 3. Bg2 Nf6 4. d3 Be7 5. O-O O-O 6. Nbd2 c5 7. Re1 Nc6 8. c3
Qc7 9. Qc2 b6 10. e4 dxe4 11. dxe4 Bb7 12. Nc4 b5 13. Bf4 e5 14. Ncxe5 Nh5 15.
Nxc6 Qxc6 16. Bg5 Bxg5 17. Nxg5 Rfe8 18. f4 Qg6 19. Nh3 Rad8 20. f5 Qh6 21. Re2
Nf6 22. Nf2 Nd7 23. Ng4 Qg5 24. Bf3 h5 25. h4 Qe7 26. Nf2 Qe5 27. Kg2 c4 28. b4
Nf6 29. Kh3 Rd7 30. a4 a6 31. a5 Red8 32. Rae1 Rd6 33. Qc1 R8d7 34. Qc2 Rd3 35.
Nxd3 cxd3 36. Qd2 dxe2 37. Qxe2 Qxc3 38. Bxh5 Bxe4 39. Qf2 Bxf5+ 40. Kh2 Ne4
41. Qf4 Qxe1 0-1

[Event "KRK Mediterranean Golden Island WGM"]
[Site "Krk"]
[Date "2005.10.24"]
[Round "3.1"]
[White "Repkova, Eva"]
[Black "Sudakova, Irina"]
[Result "1-0"]
[WhiteElo "2350"]
[BlackElo "2366"]
[PlyCount "141"]
[EventDate "2005.10.22"]
[EventType "tourn"]
[EventRounds "9"]
[EventCountry "CRO"]
[Source "lmi"]
[SourceDate "2005.10.30"]

1. e4 e5 2. Bc4 Nf6 3. d3 c6 4. Bb3 Be7 5. Nf3 O-O 6. O-O d6 7. c3 Nbd7 8. Re1
Re8 9. Nbd2 Nc5 10. Bc2 Ne6 11. Nf1 h6 12. d4 Qc7 13. Ng3 Nf4 14. Bxf4 exf4 15.
Ne2 d5 16. e5 Nh5 17. h3 f5 18. exf6 Nxf6 19. Ne5 Bd6 20. Nxf4 Bxe5 21. dxe5
Rxe5 22. Qd4 Rxe1+ 23. Rxe1 Bd7 24. Re7 Qd6 25. Ng6 c5 26. Qf4 Qxf4 27. Nxf4
Kf8 28. Ng6+ Kg8 29. Nf4 Kf8 30. Ng6+ Kg8 31. Bb3 c4 32. Bd1 Re8 33. Bf3 Kh7
34. Rxe8 Bxe8 35. Ne7 Bc6 36. Kf1 g6 37. Ke2 Kg7 38. Ke3 Kf7 39. Nc8 Ke6 40.
Kd4 Kd7 41. Nxa7 Kd6 42. a4 Bxa4 43. Nc8+ Ke6 44. Kc5 Bc6 45. Na7 Nd7+ 46. Kd4
Ne5 47. Be2 h5 48. f4 Nd7 49. g4 Nf6 50. Bf3 hxg4 51. hxg4 Bd7 52. g5 Nh5 53.
Bxd5+ Kd6 54. f5 gxf5 55. Bxc4 Nf4 56. b4 Ne6+ 57. Bxe6 Kxe6 58. c4 b6 59. Nb5
f4 60. Ke4 f3 61. Kxf3 Kf5 62. Nc3 Be6 63. Nd5 b5 64. Ne3+ Kxg5 65. cxb5 Bd7
66. b6 Bc6+ 67. Kg3 Kf6 68. Nc4 Ke6 69. Na5 Bd5 70. Kf4 Ba8 71. Ke3 1-0

[Event "KRK Mediterranean Golden Island WGM"]
[Site "Krk"]
[Date "2005.10.24"]
[Round "3.2"]
[White "Ionica, Iulia-Ionela"]
[Black "Djeno, Snjezana"]
[Result "1-0"]
[WhiteElo "2229"]
[BlackElo "1989"]
[PlyCount "153"]
[EventDate "2005.10.22"]
[EventType "tourn"]
[EventRounds "9"]
[EventCountry "CRO"]
[Source "lmi"]
[SourceDate "2005.10.30"]

1. e4 b6 2. d4 Bb7 3. Bd3 e6 4. Nf3 Nf6 5. Qe2 d5 6. e5 Ne4 7. Nbd2 Nxd2 8.
Bxd2 Be7 9. c3 a5 10. h4 Ba6 11. Bg5 Bxd3 12. Qxd3 h6 13. Bd2 Qd7 14. h5 c5 15.
Rh3 Nc6 16. Kf1 c4 17. Qe2 b5 18. Rg3 Bf8 19. Nh4 b4 20. Re1 bxc3 21. bxc3 Rb8
22. Bc1 Rb6 23. f4 Ne7 24. Rh3 Nf5 25. Nf3 Ne7 26. Kg1 Rg8 27. Kh1 g6 28. Nh2
gxh5 29. Qxh5 Rg6 30. Qe2 Nf5 31. g4 Ne7 32. Rh5 Bg7 33. Qf2 f5 34. exf6 Rxf6
35. Qc2 Kd8 36. Qh7 Rf7 37. Rxh6 Bxh6 38. Qxf7 Qe8 39. Qxe8+ Kxe8 40. g5 Bg7
41. Ba3 Nf5 42. Bc5 Rc6 43. Kg2 Kf7 44. Rb1 Ra6 45. Rb7+ Kg6 46. Ng4 a4 47. a3
Bh8 48. Kf3 Bg7 49. Nf2 Nh4+ 50. Kg4 Nf5 51. Nd1 Bh8 52. Rb4 Bg7 53. Nb2 Ra5
54. Rxa4 Rxc5 55. dxc5 Bxc3 56. Nd1 Bd4 57. c6 Nd6 58. Ra8 Bb6 59. Nb2 d4 60.
a4 d3 61. a5 Bc7 62. Kf3 d2 63. Nd1 Nb5 64. Ke3 c3 65. Nxc3 Bxf4+ 66. Kxf4 Nxc3
67. Rg8+ Kf7 68. Rd8 Nd5+ 69. Rxd5 exd5 70. c7 d1=Q 71. c8=Q Qd2+ 72. Kf5 Qxa5
73. g6+ Ke7 74. Qe6+ Kd8 75. g7 d4+ 76. Kf6 d3 77. g8=Q+ 1-0

[Event "KRK Mediterranean Golden Island WGM"]
[Site "Krk"]
[Date "2005.10.24"]
[Round "3.3"]
[White "Franciskovic, Borka"]
[Black "Swathi, Ghate"]
[Result "1/2-1/2"]
[WhiteElo "2162"]
[BlackElo "2248"]
[PlyCount "85"]
[EventDate "2005.10.22"]
[EventType "tourn"]
[EventRounds "9"]
[EventCountry "CRO"]
[Source "lmi"]
[SourceDate "2005.10.30"]

1. c4 e6 2. Nf3 d5 3. g3 Nf6 4. Bg2 Nbd7 5. Qc2 Bd6 6. b3 O-O 7. O-O b6 8. d4
Bb7 9. Ba3 c5 10. Nbd2 Rc8 11. Rac1 Qe7 12. dxc5 bxc5 13. e3 Rfd8 14. Bb2 h6
15. Rfd1 Nb6 16. Ne5 Qc7 17. Ndf3 Ne4 18. Qb1 f6 19. Ng6 dxc4 20. bxc4 Ng5 21.
Ngh4 Be4 22. Qa1 Qb7 23. Nd2 Bxg2 24. Nxg2 Bxg3 25. hxg3 Rxd2 26. Rxd2 Nf3+ 27.
Kh1 Nxd2 28. Rc2 Ndxc4 29. Qc1 Nxb2 30. Qxb2 e5 31. Kh2 c4 32. a4 a5 33. Qb5
Qc6 34. Qxa5 Ra8 35. Qb4 Rxa4 36. Qe7 Qd7 37. Qc5 Ra1 38. Qxb6 Qd1 39. Qe6+ Kh7
40. Ne1 Qxe1 41. Qf5+ Kg8 42. Qc8+ Kh7 43. Qf5+ 1/2-1/2

[Event "KRK Mediterranean Golden Island WGM"]
[Site "Krk"]
[Date "2005.10.24"]
[Round "3.4"]
[White "Babataeva, Indira"]
[Black "Srebrnic, Ana"]
[Result "1/2-1/2"]
[WhiteElo "2182"]
[BlackElo "2280"]
[PlyCount "91"]
[EventDate "2005.10.22"]
[EventType "tourn"]
[EventRounds "9"]
[EventCountry "CRO"]
[Source "lmi"]
[SourceDate "2005.10.30"]

1. e4 e5 2. Nf3 Nf6 3. Nc3 Nc6 4. d4 Bb4 5. Nxe5 Qe7 6. Nxc6 Qxe4+ 7. Be2 dxc6
8. O-O Qh4 9. Re1 Be6 10. g3 Qh3 11. Bf1 Qf5 12. Re5 Qg6 13. Rg5 Qh6 14. Rb5
Qxc1 15. Qxc1 cxb5 16. Nxb5 Ba5 17. c4 O-O 18. d5 Bd7 19. Nd4 Rfe8 20. Qc2 Re4
21. Nb3 Ba4 22. Qd3 Bxb3 23. Qxb3 Bb6 24. Qc2 Bc5 25. Bg2 Re7 26. Bf3 Rae8 27.
Rf1 Ne4 28. Bxe4 Rxe4 29. a3 a5 30. Qc3 b6 31. b4 axb4 32. axb4 Bd4 33. Qd3 Bf6
34. Qc2 Kf8 35. Qb3 Bd4 36. Qa4 Be5 37. Qc6 Bd6 38. Rb1 Re1+ 39. Rxe1 Rxe1+ 40.
Kg2 Rc1 41. Qd7 g6 42. Qc6 Rc3 43. Kf1 Rc2 44. h4 h5 45. Qb5 Rb2 46. Qd7
1/2-1/2

[Event "KRK Mediterranean Golden Island WGM"]
[Site "Krk"]
[Date "2005.10.24"]
[Round "3.5"]
[White "Dragomirescu, Angela"]
[Black "Burtasova, Anna"]
[Result "1/2-1/2"]
[WhiteElo "2249"]
[BlackElo "2260"]
[PlyCount "49"]
[EventDate "2005.10.22"]
[EventType "tourn"]
[EventRounds "9"]
[EventCountry "CRO"]
[Source "lmi"]
[SourceDate "2005.10.30"]

1. d4 d5 2. Nf3 e6 3. g3 c5 4. c3 Nc6 5. Bg2 Nf6 6. O-O Bd6 7. Bf4 Bxf4 8. gxf4
cxd4 9. cxd4 Qb6 10. b3 O-O 11. e3 Bd7 12. Nc3 Nb4 13. Qd2 Rac8 14. Rfc1 a5 15.
Ne5 Rfd8 16. Bf1 Be8 17. f3 Nd7 18. Na4 Qa7 19. Rxc8 Rxc8 20. Rc1 Rxc1 21. Qxc1
Qb8 22. Nxd7 Bxd7 23. a3 Nc6 24. Nc5 Be8 25. Nd3 1/2-1/2

[Event "KRK Mediterranean Golden Island WGM"]
[Site "Krk"]
[Date "2005.10.25"]
[Round "4.1"]
[White "Sudakova, Irina"]
[Black "Burtasova, Anna"]
[Result "1/2-1/2"]
[WhiteElo "2366"]
[BlackElo "2260"]
[PlyCount "29"]
[EventDate "2005.10.22"]
[EventType "tourn"]
[EventRounds "9"]
[EventCountry "CRO"]
[Source "lmi"]
[SourceDate "2005.10.30"]

1. e4 c5 2. Nc3 Nc6 3. Bb5 Nd4 4. Bc4 e6 5. Nf3 Ne7 6. O-O Nec6 7. Nxd4 cxd4 8.
Ne2 Bc5 9. c3 O-O 10. b4 Bb6 11. Bb5 d5 12. exd5 Qxd5 13. c4 Qd8 14. Bxc6 bxc6
15. d3 1/2-1/2

[Event "KRK Mediterranean Golden Island WGM"]
[Site "Krk"]
[Date "2005.10.25"]
[Round "4.2"]
[White "Srebrnic, Ana"]
[Black "Dragomirescu, Angela"]
[Result "1/2-1/2"]
[WhiteElo "2280"]
[BlackElo "2249"]
[PlyCount "108"]
[EventDate "2005.10.22"]
[EventType "tourn"]
[EventRounds "9"]
[EventCountry "CRO"]
[Source "lmi"]
[SourceDate "2005.10.30"]

1. d4 d6 2. Nf3 g6 3. e4 Nf6 4. e5 dxe5 5. Nxe5 Bg7 6. Bc4 O-O 7. O-O Nbd7 8.
Nxd7 Nxd7 9. c3 c5 10. dxc5 Nxc5 11. Be3 Qc7 12. Na3 a6 13. Qe2 Bf5 14. Nc2
Rad8 15. Rfd1 Ne6 16. Nb4 Rfe8 17. Rxd8 Nxd8 18. Nd5 Qe5 19. Bc5 Qxe2 20. Bxe2
Nc6 21. Bf3 e5 22. Rd1 h5 23. Ne3 e4 24. Be2 Bc8 25. Nc4 Be5 26. Bd6 Bg7 27.
Bf4 Bf8 28. Nd6 Bxd6 29. Rxd6 Rd8 30. Bc4 Rxd6 31. Bxd6 Nd8 32. Bd5 Be6 33.
Bxe4 Bxa2 34. Kf1 f5 35. Bf3 Bc4+ 36. Ke1 Kf7 37. Kd2 Ke6 38. Bc7 Nc6 39. Ke3
Kd7 40. Bb6 Ke6 41. Kf4 Kf6 42. h4 Bb3 43. Bc7 Bc4 44. Ke3 Ke6 45. g3 Kd7 46.
Bf4 Ke6 47. Kd2 Bd5 48. Be2 Na5 49. Bc7 Nb3+ 50. Ke3 Nc5 51. Bd1 Kd7 52. Bb6
Ne6 53. f4 Kc6 54. Bd4 b5 1/2-1/2

[Event "KRK Mediterranean Golden Island WGM"]
[Site "Krk"]
[Date "2005.10.25"]
[Round "4.3"]
[White "Swathi, Ghate"]
[Black "Babataeva, Indira"]
[Result "1-0"]
[WhiteElo "2248"]
[BlackElo "2182"]
[PlyCount "57"]
[EventDate "2005.10.22"]
[EventType "tourn"]
[EventRounds "9"]
[EventCountry "CRO"]
[Source "lmi"]
[SourceDate "2005.10.30"]

1. e4 c5 2. Nf3 Nc6 3. d4 cxd4 4. Nxd4 Nf6 5. Nc3 e5 6. Ndb5 d6 7. Bg5 a6 8.
Na3 b5 9. Nd5 Be7 10. Nxe7 Qxe7 11. c4 Nd4 12. cxb5 Qb7 13. f3 Nxe4 14. fxe4
Qxe4+ 15. Kd2 Qd5 16. Ke1 Qe4+ 17. Kd2 O-O 18. Be3 Bg4 19. Qb1 Qd5 20. Ke1 axb5
21. Kf2 f5 22. Qd3 Kh8 23. Nxb5 Rxa2 24. Rxa2 Qxa2 25. Nxd4 f4 26. Bd2 d5 27.
Qa3 Qxa3 28. bxa3 e4 29. Bb4 1-0

[Event "KRK Mediterranean Golden Island WGM"]
[Site "Krk"]
[Date "2005.10.25"]
[Round "4.4"]
[White "Djeno, Snjezana"]
[Black "Franciskovic, Borka"]
[Result "0-1"]
[WhiteElo "1989"]
[BlackElo "2162"]
[PlyCount "108"]
[EventDate "2005.10.22"]
[EventType "tourn"]
[EventRounds "9"]
[EventCountry "CRO"]
[Source "lmi"]
[SourceDate "2005.10.30"]

1. c4 c5 2. Nc3 Nf6 3. Nf3 e6 4. e4 d6 5. d4 cxd4 6. Nxd4 a6 7. Be2 Be7 8. O-O
O-O 9. Be3 Qc7 10. Rc1 Nbd7 11. b3 b6 12. Qd2 Bb7 13. f3 Rfe8 14. Rfd1 Rac8 15.
Bf2 Ne5 16. g4 Ng6 17. h4 Nd7 18. h5 Ngf8 19. g5 g6 20. f4 Nc5 21. Qe3 e5 22.
fxe5 dxe5 23. Nf3 Qb8 24. Nd5 Bxd5 25. Rxd5 Rcd8 26. Rcd1 Rxd5 27. Rxd5 Ncd7
28. hxg6 hxg6 29. Qc3 Bc5 30. Bxc5 Nxc5 31. Bd3 Qc8 32. Kf2 Qg4 33. Qc2 Nfe6
34. Rxe5 Rd8 35. Rd5 Rxd5 36. cxd5 Nf4 37. Bf1 Nh5 38. b4 Nxe4+ 39. Ke3 Qf4+
40. Kd4 Neg3+ 41. Kc3 Qxf3+ 42. Bd3 Qxd5 43. Bc4 Ne4+ 44. Kb3 Nd2+ 45. Ka4 b5+
46. Ka3 Nxc4+ 47. Qxc4 bxc4 48. Ka4 c3 49. b5 Qxb5+ 50. Ka3 Qb4+ 51. Kxb4 c2
52. Ka3 c1=Q+ 53. Ka4 Qc4+ 54. Ka3 Nf4 0-1

[Event "KRK Mediterranean Golden Island WGM"]
[Site "Krk"]
[Date "2005.10.25"]
[Round "4.5"]
[White "Repkova, Eva"]
[Black "Ionica, Iulia-Ionela"]
[Result "1-0"]
[WhiteElo "2350"]
[BlackElo "2229"]
[PlyCount "53"]
[EventDate "2005.10.22"]
[EventType "tourn"]
[EventRounds "9"]
[EventCountry "CRO"]
[Source "lmi"]
[SourceDate "2005.10.30"]

1. e4 c5 2. b3 e6 3. Bb2 d6 4. f4 Nf6 5. Nc3 Nc6 6. Nf3 a6 7. e5 Nd7 8. Ne4 d5
9. Neg5 h6 10. Nh3 Be7 11. Bd3 Nb4 12. Be2 b6 13. O-O Bb7 14. c3 Nc6 15. d4
cxd4 16. cxd4 a5 17. Bb5 Ncb8 18. f5 exf5 19. e6 fxe6 20. Nf4 Kf7 21. Qe2 Nf8
22. Ne5+ Kg8 23. Qh5 Bc8 24. Nf7 Qc7 25. Rac1 Qb7 26. Nxh8 Kxh8 27. Qe8 1-0

[Event "KRK Mediterranean Golden Island WGM"]
[Site "Krk"]
[Date "2005.10.26"]
[Round "5.1"]
[White "Ionica, Iulia-Ionela"]
[Black "Sudakova, Irina"]
[Result "1-0"]
[WhiteElo "2229"]
[BlackElo "2366"]
[PlyCount "177"]
[EventDate "2005.10.22"]
[EventType "tourn"]
[EventRounds "9"]
[EventCountry "CRO"]
[Source "lmi"]
[SourceDate "2005.10.30"]

1. e4 e5 2. Nf3 Nf6 3. Nxe5 d6 4. Nf3 Nxe4 5. Nc3 Nf6 6. d4 d5 7. a3 Be7 8. Bf4
c6 9. Bd3 O-O 10. Qd2 Nbd7 11. O-O Re8 12. Rfe1 Nf8 13. Ne5 Ne6 14. Be3 Bd6 15.
f4 Bxe5 16. fxe5 Ng4 17. Bf2 Nxf2 18. Qxf2 Qb6 19. Ne2 c5 20. Rf1 Rf8 21. Qh4
g6 22. b3 cxd4 23. Ng3 Qd8 24. Rf6 Qc7 25. Re1 Ng7 26. Qxd4 Be6 27. Rff1 Rfe8
28. a4 b6 29. Qf4 Qc5+ 30. Kh1 Rec8 31. Qh6 Qf8 32. Qg5 Rc5 33. Rf4 Ne8 34. Rh4
Qg7 35. Qe3 Rac8 36. Qd4 a5 37. h3 Bd7 38. Rf4 Qh6 39. Ref1 Be6 40. Kh2 Qg5 41.
R4f2 Ng7 42. Rf4 h5 43. h4 Qe7 44. Rf6 R8c7 45. R1f2 Bg4 46. Qf4 Ne8 47. Rxb6
Qxh4+ 48. Kg1 Ng7 49. Rb8+ Kh7 50. Rf8 Rc3 51. Nf1 Qe7 52. Rxf7 Qxf7 53. Qxf7
Rxf7 54. Rxf7 Kh6 55. Ne3 Bf5 56. Nxf5+ Nxf5 57. e6 Rc6 58. e7 Re6 59. Bxf5
gxf5 60. Rxf5 Rxe7 61. Rxd5 Re2 62. Rxa5 Rxc2 63. b4 Rb2 64. b5 Kg7 65. Ra6 Kf7
66. b6 Ke7 67. a5 Kd7 68. Ra7+ Kc8 69. Rc7+ Kb8 70. Rc5 h4 71. Kh2 Rb3 72. Rf5
Ra3 73. Rh5 Kb7 74. Rh7+ Kb8 75. Rxh4 Rxa5 76. Rh6 Rb5 77. g4 Rb3 78. g5 Rb5
79. Rg6 Kc8 80. Kg3 Kd7 81. Kg4 Ke7 82. Rf6 Ke8 83. Kh5 Ke7 84. Kh6 Rb1 85. Kg7
Rb5 86. g6 Rb3 87. b7 Rb2 88. Rf7+ Ke6 89. Kf8 1-0

[Event "KRK Mediterranean Golden Island WGM"]
[Site "Krk"]
[Date "2005.10.26"]
[Round "5.2"]
[White "Franciskovic, Borka"]
[Black "Repkova, Eva"]
[Result "0-1"]
[WhiteElo "2162"]
[BlackElo "2350"]
[PlyCount "54"]
[EventDate "2005.10.22"]
[EventType "tourn"]
[EventRounds "9"]
[EventCountry "CRO"]
[Source "lmi"]
[SourceDate "2005.10.30"]

1. Nf3 d5 2. c4 e6 3. g3 Nf6 4. Bg2 Be7 5. O-O O-O 6. d4 dxc4 7. Qc2 a6 8. a4
Nc6 9. Qxc4 Qd5 10. Nbd2 Rd8 11. e3 Qh5 12. e4 Bd7 13. b3 Rac8 14. Ba3 Bxa3 15.
Rxa3 e5 16. d5 Nb8 17. Qb4 c6 18. Nc4 cxd5 19. Nd6 dxe4 20. Nxc8 exf3 21. Ne7+
Kh8 22. Bh1 Nc6 23. Qb6 Re8 24. Nxc6 Bxc6 25. Rc1 e4 26. b4 Qh3 27. Rxc6 bxc6
0-1